| 000 | 01268nam a2200241 a 4500 | ||
|---|---|---|---|
| 008 | 120416s1985 ||||||||||||||||| || u | ||
| 020 | _a0256032181 | ||
| 050 | _aHB 172.5 Rey | ||
| 100 | _aReynolds, Lloyd George, 1910- | ||
| 245 | 1 | 0 | _aReview guide and workbook for use with Macroeconomics: analysis and policy. (5th ed.) |
| 250 | _a5th ed. | ||
| 260 |
_aHomewood, Ill.: _bR.D. Irwin _c1985 |
||
| 300 | _axii, 425p : ill. | ||
| 350 | _a0.00 | ||
| 500 | _aIncludes bibliographies and index. | ||
| 650 | _aMICROECONOMICS | ||
| 650 | 0 | _aMACROECONOMICS | |
| 650 | _aMACROECONOMICS--HANDBOOKS, MANUALS, ETC | ||
| 995 |
_aANNEX COLLECTION (Main Library) _D0.00 _e721707 _FCBU-MAIN LIBRARY (Kitwe) _H2 _I17.95 _jHB 172.5 Rey _M2 _UAVAILABLE _WSep 19, 2006 _y002153 _ZAnnex Low-Usage Collection |
||
| 995 |
_aBINDERY (DAMAGED) _D0.00 _e708813 _FCBU-MAIN LIBRARY (Kitwe) _H3 _I17.95 _jHB 172.5 Rey _M3 _UDAMAGED _y708813 _ZMain Library Open Access Collection |
||
| 995 |
_aANNEX COLLECTION (Main Library) _D0.00 _e719267 _FCBU-MAIN LIBRARY (Kitwe) _H4 _I17.95 _jHB 172.5 Rey _M4 _UAVAILABLE _y002150 _ZAnnex Low-Usage Collection |
||
| 995 |
_aMAIN LIBRARY OPEN ACCESS _D0.00 _e713065 _FCBU-MAIN LIBRARY (Kitwe) _H1 _I17.95 _jHB 172.5 Rey _M1 _UAVAILABLE _y002151 _ZMain Library Open Access Collection |
||
| 999 |
_c80210 _d80210 |
||